000 00554nam a2200181Ia 4500
005 20250508162137.0
008 008 250505s9999 xx 000 0 eng d
037 _aTextual
040 _aFEDL
_beng
_cFEDL
041 _aeng
_2eng
084 _a428.2, ARE
_qFEDL
100 _aArena Louis A
_969537
245 0 _aLinguistics and composition : A method to improve expository writing skills
260 _aWashington, USA
_bGeorgetown University Press
_c1975
300 _a201p.
942 _cTEXL
_h428.2, ARE
999 _c1374633
_d1374633